000 00794nam a2200241 i 4500
001 180764
003 ES-MaACL
005 20250911062853.0
008 120710s2011 sp |||| |dspa d
020 _a978-84-9895-778-5
080 _a821.111(73)-14"19"
100 1 _aAuden, W. H.
_923843
245 1 0 _aPoemas /
_cW.H. Auden ; traducción de Margarita Ardanaz Morán.
260 _aMadrid :
_bVisor Libros,
_c[2011]
300 _a317 p. ;
_c20 cm.
490 1 _aColección Visor de poesía ;
_v778
546 _aTexto en inglés y traducción en español.
700 1 _aArdanaz, Margarita.
_922523
830 0 _aColección Visor de poesía
_v778
_9177331
852 _aES-MaACL
_jA-12131
_9187675
_bR.147075
_cDEPO1
_dOlim: N-5136
942 _2udc
_cMONOGRAFIA
999 _c180764
_d180764